Marxisticko-leninská filozofia Optimalizácia ML prípravy študentov na VŠE

Enregistré dans:
Détails bibliographiques
Auteur principal: Žerebín, V.S
Autres auteurs: Masár, Eduard, Čerňanský, Jozef
Format: Livre
Langue:slovaque
Publié: Bratislava Vysoká škola ekonomická 1986
Édition:1. vyd.
Tags: Ajouter un tag
Pas de tags, Soyez le premier à ajouter un tag!

MARC

LEADER 00000nam a2200000 4500
001 c028997
005 20221219100602.5
041 0 |a slo 
044 |a SK 
245 1 0 |a Marxisticko-leninská filozofia  |b Optimalizácia ML prípravy študentov na VŠE  |c V.S. Žerebín, Eduard Masár, Jozef Čerňanský 
250 |a 1. vyd. 
264 1 |a Bratislava  |b Vysoká škola ekonomická  |c 1986 
300 |a 108 s. 
100 1 |a Žerebín, V.S. 
700 1 |a Masár, Eduard 
700 1 |a Čerňanský, Jozef